000 00711nam a2200193Ii 4500
003 JO-AjNU
008 230605s9999||||xx |||||||||||||| ||und||
040 _aJO-AjNU
_bara
_erda
_cJO-AjNU
041 _aara
050 1 4 _aPJ7852.A356.Z5 1964
100 3 _aتأليف ملحس،ثريا,
_eauthor
_920105
245 0 0 _aميخائيل نعيمة: الأديب الصوفي
264 3 1 _aبيروت:دار صادر للطباعة والنشر،1964 ؛ بيروت:دار بيروت للطباعة والنشر،1964
300 _a203ص
336 _atext
_btxt
_2rdacontent
337 _aunmediated
_bn
_2rdamedia
338 _avolume
_bnc
_2rdacarrier
650 4 _aالأدب العربي - الصوفية
_920106
999 _aA6756
_c10324
_d10324